|
|
|
|
| LEADER |
00820naa a2200217 i 4500 |
| 001 |
publ30859 |
| 005 |
20241024130726.0 |
| 008 |
241024s2005 hu o 000 hun d |
| 020 |
|
|
|a 9638582278
|
| 024 |
7 |
|
|a 1314073
|2 mtmt
|
| 040 |
|
|
|a SZTE Publicatio Repozitórium
|b hun
|
| 041 |
|
|
|a hun
|
| 100 |
1 |
|
|a Janka Zoltán
|
| 245 |
1 |
0 |
|a Posttraumás stressz betegség (PTSD) és hippocampus avagy tengernyi stressz és tengeri csikó
|h [elektronikus dokumentum] /
|c Janka Zoltán
|
| 260 |
|
|
|a Melinda Kiadó és Reklámügynökség
|b Budapest
|c 2005
|
| 300 |
|
|
|a 4
|
| 300 |
|
|
|a 145-158
|
| 490 |
0 |
|
|a Hippocampus mint neuropszichiátriai betegségek közös nevezője
|
| 650 |
|
4 |
|a Klinikai orvostan
|
| 700 |
0 |
1 |
|a Szakács Réka
|e aut
|
| 856 |
4 |
0 |
|u http://publicatio.bibl.u-szeged.hu/30859/3/aok_klny_877_05%282%29.pdf
|z Dokumentum-elérés
|